Štúdium vybraných parametrov analytických metód na detekciu rezíduí pesticídov vo včelích produktoch

Enregistré dans:
Détails bibliographiques
Auteur principal: Suran, Róbert (Auteur)
Autres auteurs: Hrouzková, Svetlana (Directeur de thèse)
Format: Manuscrit Livre
Langue:slovaque
Publié: 2024
Sujets:
Accès en ligne:http://is.stuba.sk/zp/portal_zp.pl?podrobnosti=162785
Tags: Ajouter un tag
Pas de tags, Soyez le premier à ajouter un tag!

MARC

LEADER 00000ntm a22000003a 4500
001 stuzp98853
003 SK-STU
005 20240622210625.1
007 ta
008 150427s2015----xo-----f-mn---000-0-slo-d
040 |a STU  |b slo 
041 0 |a slo 
100 1 |a Suran, Róbert  |u 041000  |4 aut  |U FCHPT Fakulta chemickej a potravinárskej technológie  |T FCHPT Ústav analytickej chémie  |X 110922  |U C1000  |Y 99  |7 110922 
242 0 1 |a Study of selected parameters of analytical methods for the detection of pesticide residues in bee products  |y eng 
245 1 0 |a Štúdium vybraných parametrov analytických metód na detekciu rezíduí pesticídov vo včelích produktoch 
260 |c 2024 
650 4 |a melivo  |2 slo 
650 4 |a plynová chromatografia  |2 slo 
650 4 |a pesticídy  |2 slo 
650 4 |a QuEChERS  |2 slo 
650 4 |a hmotnostná spektrometria  |2 slo 
650 4 |a pesticides  |2 eng 
650 4 |a hive debris  |2 eng 
650 4 |a QuEChERS  |2 eng 
650 4 |a gas chromatography  |2 eng 
650 4 |a mass spectrometry  |2 eng 
700 1 |a Hrouzková, Svetlana  |u 041000  |k Z1  |4 ths  |U FCHPT Fakulta chemickej a potravinárskej technológie  |T FCHPT Ústav analytickej chémie  |X 3892  |U C1000  |Y 99  |7 A000003892 
856 4 |u http://is.stuba.sk/zp/portal_zp.pl?podrobnosti=162785